[Event "Novosibirsk Region-ch sf"]
[Site "Novosibirsk"]
[Date "2010.10.17"]
[Round "2"]
[White "Itkin, Alexander"]
[Black "Maksimov, Valentin"]
[Result "0-1"]
[WhiteElo "1975"]
[BlackElo "2023"]
[PlyCount "132"]
[EventDate "2010.??.??"]
[EventType "swiss"]
[EventRounds "9"]
[EventCountry "RUS"]
[SourceTitle "EXT 2014"]
[Source "ChessBase"]
[SourceDate "2013.11.20"]
[SourceVersion "1"]
[SourceVersionDate "2013.11.20"]
[SourceQuality "1"]

1. e4 d5 2. exd5 Nf6 3. Nf3 Nxd5 4. d4 Bf5 5. Bd3 Bg6 6. c4 Nb6 7. Nc3 e6 8. Be3 N8d7 9. a4 a5 10. c5 Bxd3 11. Qxd3 Nxc5 12. Qc2 Na6 13. 0-0 Nb4 14. Qe4 N6d5 15. Ne5 Be7 16. Qg4 Bf6 17. Ne4 Nc2 18. Rac1 Ncxe3 19. Nxf6+ gxf6 20. Qg7 Rf8 21. fxe3 fxe5 22. Qxe5 Qd6 23. Qg5 Qe7 24. Qh6 f5 25. e4 0-0-0 26. exd5 Rxd5 27. Rfe1 Qf6 28. Qxh7 Rd7 29. Qh3 Qxd4+ 30. Qe3 Qxe3+ 31. Rxe3 Rd6 32. b3 Kd7 33. Rc5 b6 34. Rc2 Rd5 35. Rh3 Rf7 36. Kf2 e5 37. Rf3 Ke6 38. Rc6+ Rd6 39. Rc2 e4 40. Rfc3 c5 41. g3 Ke5 42. Ke3 Rc7 43. h4 Rd3+ 44. Ke2 Rg7 45. Rxd3 exd3+ 46. Kxd3 Rxg3+ 47. Kc4 Rh3 48. Re2+ Kf6 49. Kb5 Rxh4 50. Kxb6 Rb4+ 51. Kxa5 Rxb3 52. Rc2 f4 53. Rxc5 f3 54. Rc4 Ke5 55. Rc8 Ke4 56. Rf8 Ke3 57. Ka6 Ke2 58. a5 f2 59. Rxf2+ Kxf2 60. Ka7 Ke3 61. a6 Kd4 62. Ka8 Kc5 63. a7 Rh3 64. Kb7 Rh7+ 65. Kb8 Kb6 66. a8N+ Kc6 0-1

[Event "Novosibirsk Region-ch Seniors"]
[Site "Novosibirsk"]
[Date "2009.02.??"]
[Round "2"]
[White "Bychkov, Leonid Fedorovich"]
[Black "Maksimov, Valentin"]
[Result "1-0"]
[WhiteElo "1851"]
[BlackElo "2026"]
[PlyCount "89"]
[EventDate "2009.02.??"]
[EventType "swiss"]
[EventRounds "9"]
[EventCountry "RUS"]
[SourceTitle "EXT 2012"]
[Source "ChessBase"]
[SourceDate "2011.11.24"]
[SourceVersion "1"]
[SourceVersionDate "2011.11.24"]
[SourceQuality "1"]

1. d4 d5 2. c4 e6 3. Nc3 c5 4. cxd5 cxd4 5. Qa4+ Bd7 6. Qxd4 exd5 7. Qxd5 Nc6 8. Nf3 Nf6 9. Qb3 Bb4 10. a3 Qa5 11. Bd2 Be6 12. Qd1 Be7 13. b4 Qh5 14. Qa4 0-0 15. Qb5 Qxb5 16. Nxb5 Rac8 17. e3 Ne4 18. Bd3 Bf6 19. Nfd4 Nxd2 20. Kxd2 Nxd4 21. Nxd4 Bc4 22. Rac1 Bxd3 23. Kxd3 g6 24. Rc5 b6 25. Rc6 Bxd4 26. Rxc8 Rxc8 27. exd4 f6 28. Re1 Kf7 29. d5 b5 30. d6 Rd8 31. Re7+ Kf8 32. Rxa7 Rxd6+ 33. Ke3 Re6+ 34. Kd4 Re2 35. Kc5 Rxf2 36. Kxb5 Rxg2 37. Rxh7 f5 38. a4 f4 39. a5 g5 40. a6 Ra2 41. Rh5 Kg7 42. Rxg5+ Kf6 43. Rg8 Ke5 44. Kb6 Rxh2 45. a7 1-0

[Event "Novosibirsk Region-ch Seniors"]
[Site "Novosibirsk"]
[Date "2009.02.??"]
[Round "9"]
[White "Maksimov, Valentin"]
[Black "Konjkov, Victor"]
[Result "1/2-1/2"]
[WhiteElo "2026"]
[BlackElo "1976"]
[PlyCount "102"]
[EventDate "2009.02.??"]
[EventType "swiss"]
[EventRounds "9"]
[EventCountry "RUS"]
[SourceTitle "EXT 2012"]
[Source "ChessBase"]
[SourceDate "2011.11.24"]
[SourceVersion "1"]
[SourceVersionDate "2011.11.24"]
[SourceQuality "1"]

1. e4 e5 2. Nf3 Nc6 3. d4 exd4 4. c3 d5 5. exd5 Qxd5 6. cxd4 Bg4 7. Be2 0-0-0 8. Be3 Qd7 9. 0-0 Bxf3 10. Bxf3 Nxd4 11. Bxd4 Qxd4 12. Qb3 Qb4 13. Qxf7 Nf6 14. Nc3 Bd6 15. g3 Rd7 16. Qe6 Re8 17. Qf5 Re5 18. Qc2 h5 19. Rfe1 Rde7 20. Red1 h4 21. Kg2 Rg5 22. Qb3 hxg3 23. hxg3 a6 24. Rac1 Qxb3 25. axb3 Kb8 26. Rd4 Rge5 27. b4 Re1 28. Rxe1 Rxe1 29. Na4 Rc1 30. Nb6 Rc2 31. Na4 b5 32. Nc5 Ka7 33. Ne6 Rxb2 34. Nxg7 Rxb4 35. Rxb4 Bxb4 36. Ne6 c5 37. g4 c4 38. g5 Ng8 39. Bh5 a5 40. Be8 c3 41. Nd4 Kb6 42. f4 a4 43. f5 Bc5 44. Nc2 Ka5 45. Bf7 b4 46. Na1 b3 47. Nxb3+ axb3 48. Bxb3 Ne7 49. Bc2 Nd5 50. Kh3 Kb4 51. Kg4 Kc4 1/2-1/2

[Event "SFR-ch Seniors"]
[Site "Novosibirsk"]
[Date "2008.10.16"]
[Round "9"]
[White "Maksimov, Valentin"]
[Black "Gavrilov, Gennady"]
[Result "1/2-1/2"]
[WhiteElo "2078"]
[BlackElo "2051"]
[PlyCount "54"]
[EventDate "2008.10.08"]
[EventType "swiss"]
[EventRounds "9"]
[EventCountry "RUS"]
[SourceTitle "EXT 2022"]
[Source "ChessBase"]
[SourceDate "2021.10.06"]
[SourceVersion "1"]
[SourceVersionDate "2021.10.06"]
[SourceQuality "1"]

1. e4 e5 2. Nf3 Nc6 3. d4 exd4 4. c3 d5 5. exd5 Qxd5 6. cxd4 Bg4 7. Be2 0-0-0 8. Be3 Bb4+ 9. Nc3 Qa5 10. 0-0 Nf6 11. a3 Bxc3 12. bxc3 Ne4 13. Ne5 Nxe5 14. Bxg4+ Kb8 15. Bf5 Nxc3 16. Qe1 Nc6 17. Bd3 Nxd4 18. Rc1 Nf3+ 19. gxf3 Rxd3 20. Rc2 Qxa3 21. Bd2 Nd5 22. Qe4 Rd8 23. Rb1 Nb6 24. Bf4 R3d6 25. Kg2 Rg6+ 26. Kh1 Rgd6 27. Kg2 Nd5 1/2-1/2

[Event "SFR-ch Seniors"]
[Site "Novosibirsk"]
[Date "2008.10.15"]
[Round "8"]
[White "Konjkov, Victor"]
[Black "Maksimov, Valentin"]
[Result "1-0"]
[WhiteElo "2005"]
[BlackElo "2078"]
[PlyCount "81"]
[EventDate "2008.10.08"]
[EventType "swiss"]
[EventRounds "9"]
[EventCountry "RUS"]
[SourceTitle "EXT 2022"]
[Source "ChessBase"]
[SourceDate "2021.10.06"]
[SourceVersion "1"]
[SourceVersionDate "2021.10.06"]
[SourceQuality "1"]

1. e4 d5 2. exd5 Nf6 3. Bb5+ Bd7 4. Bc4 b5 5. Be2 Nxd5 6. d4 e6 7. Nf3 Bd6 8. 0-0 c5 9. Nc3 Nxc3 10. bxc3 Bc6 11. Ne5 Bxe5 12. dxe5 0-0 13. Qd3 Qxd3 14. cxd3 Nd7 15. d4 Rfd8 16. Bg5 f6 17. exf6 gxf6 18. Bh4 c4 19. Rfe1 Re8 20. Bg4 Bd5 21. Re3 Re7 22. Rae1 Kf7 23. Bh5+ Kg8 24. Bg4 Kf7 25. Bg3 Nf8 26. Bd6 Ree8 27. Bxf8 Kxf8 28. Bxe6 Bxe6 29. Rxe6 Rxe6 30. Rxe6 Re8 31. Rxe8+ Kxe8 32. Kf1 a5 33. a3 Kd7 34. Ke2 Kd6 35. Ke3 Kd5 36. g4 b4 37. cxb4 axb4 38. axb4 c3 39. Kd3 c2 40. Kxc2 Kxd4 41. Kb3 1-0

[Event "SFR-ch Seniors"]
[Site "Novosibirsk"]
[Date "2008.10.14"]
[Round "7"]
[White "Kuzin, Vladimir"]
[Black "Maksimov, Valentin"]
[Result "1/2-1/2"]
[WhiteElo "2091"]
[BlackElo "2078"]
[PlyCount "95"]
[EventDate "2008.10.08"]
[EventType "swiss"]
[EventRounds "9"]
[EventCountry "RUS"]
[SourceTitle "EXT 2022"]
[Source "ChessBase"]
[SourceDate "2021.10.06"]
[SourceVersion "1"]
[SourceVersionDate "2021.10.06"]
[SourceQuality "1"]

1. d4 d5 2. c4 e6 3. Nc3 c5 4. cxd5 cxd4 5. Qxd4 Nc6 6. Qd1 exd5 7. Qxd5 Bd7 8. Qe4+ Be6 9. e3 Nf6 10. Qa4 Bc5 11. Be2 0-0 12. Nf3 a6 13. 0-0 Qe7 14. a3 b5 15. Qh4 Bf5 16. b4 Bb6 17. Bb2 Rac8 18. Rac1 Rc7 19. h3 h6 20. g4 Bg6 21. g5 hxg5 22. Nxg5 Ne5 23. Nf3 Nc4 24. Bxc4 Rxc4 25. Qg5 Qe6 26. Kg2 Bf5 27. Rg1 Bxh3+ 28. Kh1 Ng4 29. Nd5 f6 30. Nxf6+ Rxf6 31. Bxf6 Qxf6 32. Qxf6 gxf6 33. Rxc4 bxc4 34. Nh2 f5 35. Nxg4 Bxg4 36. f3 Bxe3 37. Rg2 c3 38. fxg4 Bd2 39. gxf5+ Kf7 40. Rg1 c2 41. Kg2 Kf6 42. Kf3 Kxf5 43. Ke2 c1Q 44. Rxc1 Bxc1 45. Kd3 Bxa3 46. Kc4 Ke6 47. Kb3 Bc1 48. Ka4 1/2-1/2